Drapeaux du Monde #3 - Statistiques

Statistiques générales
  • Ce quiz a été pris 43 fois
  • Le résultat moyen est 14 sur 16
Statistiques - réponses
Par images Réponse % Correct
Afrique du Sud
97%
Portugal
97%
Danemark
95%
Egypte
95%
Finlande
95%
Viêt Nam
95%
Bangladesh
92%
Roumanie
92%
Tchéquie
92%
Iran
90%
Colombie
87%
Malaisie
87%
Chili
85%
Pakistan
79%
Philippines
74%
Hong Kong
64%
Aucun quiz correspondant
Distribution des résultats
% des personnes avec chaque résultat
Percentile par nombre de réponses
Votre historique - résultats
Vous n’avez pas pris ce quiz